| 000 | 00396nam a2200145Ia 4500 | ||
|---|---|---|---|
| 008 | 220217s9999||||xx |||||||||||||| ||und|| | ||
| 020 | _a81-85618-51-8 | ||
| 082 | _a425 MUR | ||
| 100 | _aMurphy, Raymond Hashemi, Louise | ||
| 245 | 0 | _aIntermediate english grammer | |
| 250 | _a2nd | ||
| 260 |
_aCambridge university press _bNew Delhi _c2002 |
||
| 300 | _b95 | ||
| 650 | _aENGLISH GRAMMER | ||
| 999 |
_c168299 _d168299 |
||